人口100,000〜199,999人の市 - Statistics

General Stats
  • This quiz has been taken 2,255 times
  • The average score is 79 of 144
Answer Stats
都道府県名 市名 人口 % Correct
山口県 山口市 192,198
85%
鳥取県 鳥取市 186,045
82%
山梨県 甲府市 188,884
80%
島根県 出雲市 172,428
77%
広島県 東広島市 197,765
76%
神奈川県 小田原市 187,347
76%
鳥取県 米子市 146,148
76%
北海道 釧路市 160,140
74%
京都府 宇治市 176,915
73%
青森県 弘前市 164,292
73%
北海道 苫小牧市 168,387
72%
沖縄県 沖縄市 142,408
72%
三重県 鈴鹿市 193,087
71%
静岡県 沼津市 185,806
71%
北海道 帯広市 165,161
71%
富山県 高岡市 163,449
71%
岐阜県 大垣市 156,850
71%
滋賀県 草津市 146,227
71%
東京都 立川市 184,707
70%
新潟県 上越市 183,832
70%
栃木県 小山市 166,653
70%
愛媛県 今治市 146,903
70%
山口県 岩国市 125,823
69%
東京都 三鷹市 195,690
68%
埼玉県 熊谷市 192,112
68%
茨城県 日立市 169,036
68%
三重県 松阪市 156,324
68%
千葉県 成田市 131,476
68%
宮崎県 都城市 158,777
67%
千葉県 木更津市 136,468
67%
三重県 伊勢市 120,359
67%
栃木県 栃木市 152,802
65%
東京都 武蔵野市 150,732
65%
三重県 桑名市 136,819
65%
北海道 小樽市 107,393
65%
東京都 多摩市 146,115
64%
茨城県 土浦市 141,980
64%
宮城県 石巻市 136,252
64%
東京都 国分寺市 131,245
64%
静岡県 掛川市 113,689
64%
静岡県 三島市 106,094
64%
静岡県 磐田市 164,720
63%
山口県 宇部市 160,020
63%
神奈川県 海老名市 139,387
63%
山口県 周南市 134,757
63%
東京都 東村山市 152,253
62%
長野県 上田市 152,188
62%
宮崎県 延岡市 115,101
62%
長崎県 諫早市 132,455
61%
広島県 尾道市 126,932
61%
滋賀県 彦根市 112,867
60%
神奈川県 鎌倉市 172,428
59%
山形県 鶴岡市 118,795
59%
大分県 別府市 114,018
59%
茨城県 ひたちなか市 154,987
58%
北海道 北見市 113,292
58%
東京都 日野市 190,834
57%
愛知県 豊川市 184,357
57%
千葉県 習志野市 176,004
57%
熊本県 八代市 120,436
57%
愛知県 安城市 186,838
56%
千葉県 野田市 152,044
56%
静岡県 焼津市 135,191
56%
福島県 会津若松市 114,687
56%
石川県 小松市 105,006
56%
東京都 小平市 199,774
55%
兵庫県 伊丹市 197,267
55%
千葉県 浦安市 169,959
55%
東京都 青梅市 131,736
55%
大阪府 岸和田市 187,283
54%
岐阜県 各務原市 143,010
54%
栃木県 足利市 141,330
54%
沖縄県 うるま市 126,152
54%
奈良県 橿原市 119,709
54%
佐賀県 唐津市 114,577
54%
岩手県 一関市 108,154
54%
千葉県 佐倉市 166,335
53%
宮城県 大崎市 124,670
53%
広島県 廿日市市 113,497
53%
香川県 丸亀市 108,541
53%
岐阜県 多治見市 104,348
53%
茨城県 取手市 103,780
53%
埼玉県 久喜市 149,011
52%
東京都 小金井市 127,493
52%
静岡県 富士宮市 126,250
52%
栃木県 佐野市 114,129
52%
岩手県 奥州市 110,182
52%
愛知県 刈谷市 153,447
51%
鹿児島県 霧島市 122,926
51%
東京都 東久留米市 115,252
51%
愛媛県 新居浜市 113,462
51%
石川県 白山市 109,693
51%
群馬県 桐生市 102,746
51%
静岡県 藤枝市 139,742
50%
奈良県 生駒市 115,701
50%
神奈川県 秦野市 161,652
49%
栃木県 那須塩原市 114,895
49%
滋賀県 長浜市 111,899
49%
兵庫県 三田市 106,819
49%
愛知県 小牧市 147,174
48%
埼玉県 朝霞市 142,369
48%
埼玉県 深谷市 140,137
48%
千葉県 我孫子市 129,862
48%
埼玉県 鴻巣市 116,663
48%
東京都 昭島市 114,588
47%
埼玉県 ふじみ野市 113,186
47%
大阪府 和泉市 183,148
46%
埼玉県 入間市 144,164
46%
神奈川県 伊勢原市 101,360
46%
埼玉県 狭山市 148,158
45%
埼玉県 三郷市 141,931
45%
神奈川県 座間市 132,182
45%
北海道 江別市 120,509
45%
茨城県 古河市 138,209
44%
埼玉県 富士見市 112,599
44%
山口県 防府市 112,206
44%
福岡県 大牟田市 107,851
44%
愛媛県 西条市 102,511
44%
埼玉県 新座市 165,601
43%
兵庫県 川西市 151,091
43%
大阪府 守口市 141,563
43%
沖縄県 浦添市 115,897
43%
大阪府 池田市 104,717
43%
沖縄県 宜野湾市 100,177
43%
埼玉県 戸田市 141,887
42%
大阪府 門真市 117,221
42%
福岡県 飯塚市 124,671
41%
愛知県 東海市 112,937
41%
滋賀県 東近江市 111,787
41%
愛知県 瀬戸市 127,004
40%
愛知県 西尾市 168,209
39%
埼玉県 加須市 110,944
38%
福岡県 春日市 110,646
38%
大阪府 箕面市 137,315
37%
愛知県 稲沢市 132,992
37%
千葉県 印西市 106,587
37%
大阪府 大東市 117,237
36%
愛知県 半田市 116,128
36%
大阪府 松原市 115,728
36%
福岡県 大野城市 103,006
35%
千葉県 鎌ケ谷市 109,741
34%
大阪府 羽曳野市 107,557
33%
大阪府 富田林市 106,973
32%
福岡県 筑紫野市 105,070
27%
No matching quizzes found
Score Distribution
Percent of People with Each Score
Percentile by Number Answered
Your Score History
You have not taken this quiz